000 00391nam a2200145Ia 4500
005 20240426061714.0
008 240331s9999 xx 000 0 und d
082 _bTAL
_a331.4
245 0 _aTales of the filipino working women
_cCommittee for Asian women
260 _aHong kong
_bCommittee for Asian Women
_c1984
300 _a68, p .,
650 _aWomen
650 _aPolitical
942 _cL
999 _c2700
_d2700